| 000 | 00688nam a2200241 4500 | ||
|---|---|---|---|
| 003 | OSt | ||
| 005 | 20240722053544.0 | ||
| 006 | a | ||
| 008 | 240722b |||||||| |||| 00| 0 eng d | ||
| 020 | _a9780071625128 | ||
| 040 |
_aDWCL-Main lib. _cOC |
||
| 082 |
_2Fourth edition _aCirc. 547 S313 2010 |
||
| 110 | _aHerbert Meislich | ||
| 245 | _aSchaums outlines:organic chemistry / | ||
| 250 | _aFourth edition | ||
| 260 |
_aN.Y. _bMcGraw-Hill, _cc2010. |
||
| 300 |
_aix, _b469 p. :ill.; _c28 cm. |
||
| 490 | _3Schaum’s outline series | ||
| 504 | _aIncludes index. | ||
| 650 | _a1. Organic chemistry. | ||
| 650 | _a2. Chemistry. | ||
| 942 |
_2ddc _n0 _cBK-CIRC _eFourth edition _kCirc. |
||
| 999 |
_c2514 _d2514 |
||